Francouzština pro ekonomy

Salvato in:
Dettagli Bibliografici
Autore principale: Velíšková, Olga
Ente Autore: Vysoká škola ekonomická v Praze. Obchodní fakulta
Altri autori: Veselský, Ladislav, Májovská, Marie
Natura: Libro
Lingua:ceco
Pubblicazione: Praha Státní pedagogické nakladatelství 1981
Edizione:7. vyd.
Tags: Aggiungi Tag
Nessun Tag, puoi essere il primo ad aggiungerne!!

MARC

LEADER 00000nam a2200000 4500
001 c131547
005 20190201112337.1
041 0 |a cze 
044 |a CZ 
245 1 0 |a Francouzština pro ekonomy  |c Olga Velíšková, Ladislav Veselský, Marie Májovská 
250 |a 7. vyd. 
264 1 |a Praha  |b Státní pedagogické nakladatelství  |c 1981 
300 |a 328 s. 
100 1 |a Velíšková, Olga 
700 1 |a Veselský, Ladislav 
700 1 |a Májovská, Marie 
710 2 |a Vysoká škola ekonomická v Praze. Obchodní fakulta